LEADER 00789nam a2200193 i 4500 001 000000135151 003 CaOOAMICUS 005 20250613095032.0 008 050223n it u000 u ita u 013 $a108446 040 $aSeMil$bita 245 10$aVol. 2 /$cdi Francesco Bacone. 300 $a518 p., [6] carte di tav. :$bill. ;$c24 cm 700 1 $aBacon, Francis,$d<1561-1626>.$0(OLS)http://semarc/name/2789 773 0 $aBacon, Francis <1561-1626>$tScritti politici giuridici e storici.$dTorino : Unione Tipografico-Editrice Torinese, 1971.$kClassici della politica $g2$w()13000 850 $aSeMil 852 $aSeMil$W1$xVenegono$y1$m2LA A 36$j258484$B88835$CSeMilBibl$Z2$F93485 $81 996 $6245$aVol. 2$9(OLS)http://semarc/title/54073 LEADER 00950nam a2200205 i 4500 001 000000187471 003 CaOOAMICUS 005 20100317000000.0 008 100317s1928 it u000 u ita u 013 $a165562 040 $aSeMil$bita 100 1 $aAnichini, Guido,$c.$0(OLS)http://semarc/name/20670 245 13$aIl card. Alessandro Lualdi :$bArcivescovo di Palermo. Ricordi Biografici /$cMons. Guido Anichini. 260 $aPalermo :$bScuola tipografica Boccone del povero,$c1928. 300 $a422 p. :$bill., [1] c. di ritratto ;$c26 cm. 650 4$aLualdi, Alessandro.$0(OLS)http://semarc/subject/35325 850 $aSeMil 852 $aSeMil$W1$xVenegono$y1$m3G IV 79$j138158$B138158$CSeMilBibl$Z2$F149620 $81 996 $6245$aIl card. Alessandro Lualdi :$bArcivescovo di Palermo. Ricordi Biografici$9(OLS)http://semarc/title/269702 996 $6260$aPalermo :$bScuola tipografica Boccone del povero$9(OLS)http://semarc/publisher/46788